| 000 | 00530nam a22001937a 4500 | ||
|---|---|---|---|
| 003 | SISC | ||
| 005 | 20160215144553.0 | ||
| 008 | 130902t xxu||||| |||| 00| 0 eng d | ||
| 020 | _a9710838008 | ||
| 050 |
_aRA 425 _b.Ot91 1967 |
||
| 082 |
_aHS 613.07 _bOt8 1985 |
||
| 100 |
_aOtto, James. _916153 |
||
| 245 |
_aModern health / _cJames Otto. |
||
| 260 |
_aNew York : . _bHolt, Rinehart and Winston, _cc1967. |
||
| 300 |
_a614 p. : _bill. ; _c26 cm. |
||
| 650 |
_aHealth education. _9556 |
||
| 942 |
_2lcc _cBK |
||
| 999 |
_c10169 _d10169 |
||